00314nam a2200121Ia 4500008004100000082002300041100001400064245002400078260003500102365000700137630002400144730002400168100415s9999 xx 000 0 und d b12681a572.9(5475) aKoppar DH aTribal art of Dangs aBARODAc1971bDEPT. OF MUSEUMS b44 aTribal art of Dangs aTribal art of Dangs